000 00516nam a2200169Ia 4500
008 240729s9999 xx 000 0 und d
022 _a2373-0587
245 0 _aNeuroRegulation
260 _aUnited States
260 _bInternational Society for Neurofeedback and Research (ISNR)
650 _a Internal medicine
650 _a Neurosciences. Biological psychiatry. Neuropsychiatry
650 _aMedicine
856 _uhttps://doaj.org/toc/9c594b94a1884a939da85e0e93dd4ac5
942 _2ddc
942 _cDOAJEJ
999 _c69399
_d69399
945 _a1
_bMadushi Gamage
_c1
_dMadushi Gamage